| 000 | 00556nam a2200181 a 4500 | ||
|---|---|---|---|
| 001 | 000015002 | ||
| 005 | 20200929163933.0 | ||
| 008 | 100128s1950 ag 000 j spa d | ||
| 040 |
_aDO-SdBNP _bspa _cBNPHU |
||
| 082 |
_aA863.4 _bS684n |
||
| 100 | 1 |
_aSolari, Juan Antonio, _d1899-1980 _919319 |
|
| 245 | 1 | 0 |
_aNuevas voces y estampas / _cJuan Antonio Solari /. |
| 260 |
_aBuenos Aires : _bLa Vanguardia, _c1950. |
||
| 300 |
_a181, [3] p. ; _c22 cm. |
||
| 650 | 4 |
_aCuentos argentinos _93752 |
|
| 650 | 4 |
_aLiteratura argentina _ySIGLO XX _914711 |
|
| 049 | _aBNGR | ||
| 999 |
_c14575 _d14575 |
||